| 000 | 01825nab a2200253 ab4500 | ||
|---|---|---|---|
| 005 | 20260702125948.0 | ||
| 008 | 260604b2025 sp tr poo| 0 0 spa d | ||
| 003 | |||
| 040 |
_aMX-MxUPN _bspa _cMX-MxUPN _eaacr2 |
||
| 100 | 1 |
_aFernandez Villanueva, María Concepción _960191 |
|
| 100 | 1 |
_aRomero Delgado, Marta _960192 |
|
| 245 | 1 | 0 |
_aLegitimación de las violencias sexuales a través de las obras pictóricas _h[recurso electrónico en línea] |
| 506 | 0 | _aAcceso abierto | |
| 520 | 3 |
_aDesde una perspectiva pluridisciplinar donde convergen la sociología visual y la perspectiva feminista, analizamos la representación y legitimación de la violencia sexual en algunas pinturas reconocidas como obras de arte en la historia. El objetivo es revisar las intenciones, implicaciones y funciones de las pinturas recogidas en los museos que naturalizan la violencia sexual a través de la legitimación simbólica. Los resultados más relevantes son: a) la omisión o minimización del daño producido por la violencia sexual y el embellecimiento de las víctimas, b) la mayor deslegitimación de la violencia sexual por parte de las mujeres artistas y c) la evolución histórica de la mirada a la violencia sexual. Finalmente, presentamos algunas sugerencias que se pueden derivar para favorecer una mirada crítica a la representación de las obras de arte en los museos. _cREIS |
|
| 650 | 2 |
_aPintura _92766 |
|
| 650 | 4 |
_aViolencia en el arte _927063 |
|
| 653 | _aViolencia sexual | ||
| 653 | _aMirada crítica | ||
| 773 |
_gNo. 193 (2025), p. 37-52 _tREIS: revista española de investigaciones sociológicas _x1988-5903 |
||
| 856 | 4 | _uhttps://reis.cis.es/index.php/reis/article/view/2478 | |
| 856 | 4 | _uhttps://reis.cis.es/index.php/reis/article/view/2478/3057 | |
| 902 | _aLeonor Sotres/020726 | ||
| 942 | _cART-E | ||
| 999 |
_c215491 _d215491 |
||